<?xml version="1.0" encoding="UTF-8"?>
<collection xmlns="http://www.loc.gov/MARC21/slim">
 <record>
  <leader>01451nam a22002057a 4500</leader>
  <controlfield tag="001">NCT_146117</controlfield>
  <controlfield tag="008">230330b        xxu||||| |||| 00| 0 vie d</controlfield>
  <datafield tag="999" ind1=" " ind2=" ">
   <subfield code="c">7523</subfield>
   <subfield code="d">7523</subfield>
  </datafield>
  <datafield tag="020" ind1=" " ind2=" ">
   <subfield code="a">9786049135675</subfield>
   <subfield code="c">250000</subfield>
  </datafield>
  <datafield tag="082" ind1="0" ind2="4">
   <subfield code="2">23rd ed.</subfield>
   <subfield code="a">333.95</subfield>
   <subfield code="b">Q531</subfield>
  </datafield>
  <datafield tag="100" ind1=" " ind2=" ">
   <subfield code="a">Hà Quý Quỳnh</subfield>
  </datafield>
  <datafield tag="245" ind1="1" ind2="0">
   <subfield code="a">Viễn thám và hệ thông tin địa lý trong nghiên cứu, quản lý tài nguyên sinh vật ở các vườn quốc gia Việt Nam:</subfield>
   <subfield code="b">Vườn quốc gia trên đất liền</subfield>
   <subfield code="c">Hà Quý Quỳnh</subfield>
  </datafield>
  <datafield tag="260" ind1=" " ind2=" ">
   <subfield code="a">H.</subfield>
   <subfield code="b">Khoa học Tự nhiên và Công nghệ</subfield>
   <subfield code="c">2017</subfield>
  </datafield>
  <datafield tag="300" ind1=" " ind2=" ">
   <subfield code="a">331 tr.</subfield>
   <subfield code="b">minh họa</subfield>
   <subfield code="c">24 cm</subfield>
  </datafield>
  <datafield tag="520" ind1="3" ind2=" ">
   <subfield code="a">Nội dung sách gồm: Bảo tồn đa dạng sinh học ở các vườn quốc gia. Viễn thám và hệ thông tin địa lý trong nghiên cứu vườn quốc gia. Quy trình ứng dụng công nghệ viễn thám và GIS. Cơ sở dữ liệu viễn thám và GIS các vườn quốc gia.</subfield>
  </datafield>
  <datafield tag="653" ind1=" " ind2=" ">
   <subfield code="a">Quản lý Tài nguyên Môi trường</subfield>
  </datafield>
  <datafield tag="942" ind1=" " ind2=" ">
   <subfield code="2">ddc</subfield>
   <subfield code="c">BK</subfield>
  </datafield>
  <datafield tag="952" ind1=" " ind2=" ">
   <subfield code="0">0</subfield>
   <subfield code="1">0</subfield>
   <subfield code="2">ddc</subfield>
   <subfield code="4">0</subfield>
   <subfield code="6">333_950000000000000_Q531</subfield>
   <subfield code="7">0</subfield>
   <subfield code="9">27112</subfield>
   <subfield code="a">000001</subfield>
   <subfield code="b">000001</subfield>
   <subfield code="d">2023-03-30</subfield>
   <subfield code="o">333.95 Q531</subfield>
   <subfield code="p">MD.21430</subfield>
   <subfield code="r">2023-03-30</subfield>
   <subfield code="v">250000.00</subfield>
   <subfield code="w">2023-03-30</subfield>
   <subfield code="y">BK</subfield>
  </datafield>
  <datafield tag="952" ind1=" " ind2=" ">
   <subfield code="0">0</subfield>
   <subfield code="1">0</subfield>
   <subfield code="2">ddc</subfield>
   <subfield code="4">0</subfield>
   <subfield code="6">333_950000000000000_Q531</subfield>
   <subfield code="7">0</subfield>
   <subfield code="9">27113</subfield>
   <subfield code="a">000001</subfield>
   <subfield code="b">000001</subfield>
   <subfield code="d">2023-03-30</subfield>
   <subfield code="o">333.95 Q531</subfield>
   <subfield code="p">MD.21431</subfield>
   <subfield code="r">2023-03-30</subfield>
   <subfield code="v">250000.00</subfield>
   <subfield code="w">2023-03-30</subfield>
   <subfield code="y">BK</subfield>
  </datafield>
  <datafield tag="980" ind1=" " ind2=" ">
   <subfield code="a">Thư viện Trường Đại học Nam Cần Thơ</subfield>
  </datafield>
 </record>
</collection>
